000 02411cam a22004934i 4500
003 PE-LiUPU
005 20250731173136.0
008 150623s r 000 0 d
020 _a0828014582
035 _a(Sirsi) i9780828014588
040 _aPE-LiUPU
_bspa
_cPE-LiUPU
_erda
049 _aPRUA
100 1 _aDudley, Roger L.,
_eautor.
245 1 0 _aWhy our teenagers leave the church /
_cRoger L. Dudley.
264 1 _aHagerstown,MD :
_bReview and Herald Publishing Association,
_c2000.
300 _a221 páginas ;
_c23 centímetros
336 _atext
_2rdacontent
337 _aunmediated
_2rdamedia
338 _avolume
_2rdacarrier
504 _aIncluye bibliografía.
505 0 _aThe joys of youth research. -The long, long journey. -Number, numbers, numbers. -The religions of the survivors. -History of a religious rebel. -Why adventist youth leave the church: in their own voices. -Predicting the future. -More predictions. -Coming home. -Welcoming home the prodigal. -Why adventist teenagers. -Grace, relevancy, and confidence in the future. -The disappointed. -You gotta accentuate the positive. -A superior investment?. -Please give me a Chance to speak!. -May I disturb you?. -Bonding with the Church. -How would you do it?. -A glimpse of the future.
526 _aSEG42
526 _aSEG41
526 _aSEG40
526 _aSEG39
526 _aP94
526 _aP87
526 _aP86
526 _aP85
526 _aP77
526 _aP76
526 _aP35
650 0 4 _aAdolescentes
_xVida religiosa.
650 0 4 _aTrabajo en la iglesia con jóvenes
_xAdventistas del Séptimo Día.
942 _2ddc
_cBOOK
949 _a248.83 D97W
_wDEWEY
_c1
_i54214
_lCCODEBUL1
_mBUL
_r0
_sY
_tBOOK
_u2015-6-24
_xTEOLOGIA
_zUNKNOWN
_0COMPRA
_o.STAFF. Colección General
949 _a248.83 D97W
_wDEWEY
_c2
_i52249
_lCCODEBUL1
_mBUL
_p8.00
_r0
_sY
_tBOOK
_u2015-6-24
_xTEOLOGIA
_PP35
_0COMPRA
_o.STAFF. Colección General
994 _aC0
_bPEPRU
596 _a1
999 _a248.83 D97W
_wDEWEY
_c34064
_i54214
_f2021-11-10
_g5
_lCCODEBUL1
_mBUL
_r0
_sY
_tBOOK
_u2015-6-24
_xTEOLOGIA
_zUNKNOWN
_0COMPRA
_o.STAFF. Colección General
_d34064
999 _a248.83 D97W
_wDEWEY
_c2
_i52249
_d2018-9-13
_f2021-11-10
_g5
_lCCODEBUL1
_mBUL
_p8.00
_q1
_r0
_sY
_tBOOK
_u2015-6-24
_xTEOLOGIA
_PP35
_0COMPRA
_o.STAFF. Colección General
980 _81
_gALBERTO SANCHEZ Responsable de Automatización